zpět

Detail výsledku týmu

Spirit Bar - Žižkov, Praha

Datum a čas kvízu

32 Celkem bodů Celkový počet nahraných bodů na tomto kvízu bez doplňovacích otázek.
9. Pořadí na kvízu Konečné umístění týmu na tomto kvízu.

Zaznamenané odpovědi

# Otázka Odpověď Body Výsledky
1. Jedna česká politička se pochl... Alena Schillerová, lev 1
2. Minulý týden jsme byli informo... Magna Charta (Libertatum) 1
3. Který muž bude v příštích lete... Jiří Bartoška 1
4. Netradiční způsob přivítání zv... Albánie 1
5. Tým z jednoho krajského města... Brno, Nymburk 0.5
6. Podíváme se na pět reklam, z n... sázení (sázková kancelář, hazard) 0
7. Tento spot přijala veřejnost o... fazole 0
8. Doplňte 4 slova, která pokraču... vy už tady nebudete 1
9. Tato televizní reklama na Fido... Karel Zich 1
10. Režisér Jakub Kohák natočil te... BESIP 0